LEADER 00893cam a2200229 7i4500
001 0000031757
005 20141002090000.0
090 0 0 |a SR 647.95   |b CON 
245 0 0 |a Consumer foodservice in Thailand. 
260 0 0 |a London:   |b Euromonitor International,   |c 2014. 
300 # # |a 126 p. 
440 0 0 |a Market report : January 2014 
650 0 0 |a Kiosk --   |x Markets --   |z Thailand  
650 0 0 |a Cafes --   |x Markets --   |z Thailand  
650 0 0 |a Bars --   |x Markets --   |z Thailand  
650 0 0 |a Fast food --   |x Markets --   |z Thailand  
650 0 0 |a Full service restaurants --   |x Markets --   |z Thailand  
650 0 0 |a Street Stalls --   |x Markets --   |z Thailand  
650 0 0 |a Home delivery/ take away --   |x Markets --   |z Thailand  
650 0 0 |a Self-service cafeterias --   |x Markets --   |z Thailand  
650 0 0 |a Consumer foodservice --   |x Markets --   |z Thailand  
999 |a B000034685  |b Book  |c Services  |e Business Information Centre